| 000 | 00443nam a22001697a 4500 | ||
|---|---|---|---|
| 005 | 20230116101143.0 | ||
| 008 | 220210b ||||| |||| 00| 0 eng d | ||
| 020 | _a978-93-89686-14-2 | ||
| 041 | _aeng | ||
| 082 |
_a615.19 _bBOT-T |
||
| 100 |
_aBOTHARA, K.G. _97065 |
||
| 245 | _aA TEXT BOOK OF MEDICINAL CHEMISTRY-III [ SEM-VI] | ||
| 260 |
_aPUNE _bNIRALI PRAKASHAN |
||
| 300 | _a1.4;p | ||
| 650 |
_aPHARMACY _xB.PHARMACY _97462 |
||
| 942 | _cBK | ||
| 999 |
_c7913 _d7911 |
||